Mangrove vegetation / (Record no. 40645)
[ view plain ]
| 000 -LEADER | |
|---|---|
| fixed length control field | 00731nam a22002057a 4500 |
| 005 - DATE AND TIME OF LATEST TRANSACTION | |
| control field | 20100810135557.0 |
| 010 ## - LCCN (DPL NO) | |
| LC control number | ENG-99400 |
| 020 ## - INTERNATIONAL STANDARD BOOK NUMBER | |
| International Standard Book Number | 8187299274 |
| Terms of availability | 100.00 |
| 035 ## - SYSTEM CONTROL NUMBER | |
| System control number | EN-82932 |
| 037 ## - SOURCE OF ACQUISITION | |
| Source of stock number/acquisition | DBAD/PUB |
| 082 ## - DEWEY DECIMAL CLASSIFICATION NUMBER | |
| Classification number | 581.52632 |
| 100 ## - MAIN ENTRY--PERSONAL NAME | |
| Personal name | Sheela, R. |
| 245 ## - TITLE STATEMENT | |
| Title | Mangrove vegetation / |
| Statement of responsibility, etc | by R. Sheela |
| 260 ## - PUBLICATION, DISTRIBUTION, ETC. (IMPRINT) | |
| Place of publication, distribution, etc | Pudhucherry |
| Name of publisher, distributor, etc | Pudhucherry Cooperative Book Society |
| Date of publication, distribution, etc | 2008 |
| 270 ## - ADDRESS | |
| Address | 17, 14th Street, Krishna Nagar |
| City | Pudhucherry |
| Postal code | 605008 |
| 300 ## - PHYSICAL DESCRIPTION | |
| Extent | vii,96p. |
| Dimensions | 21cm (pbk) |
| 650 ## - SUBJECT ADDED ENTRY--TOPICAL TERM | |
| Topical term or geographic name as entry element | Mangrove Plant |
| 942 ## - ADDED ENTRY ELEMENTS (KOHA) | |
| Source of classification or shelving scheme | Dewey Decimal Classification |
| Item type | English Books |
| Classification part | 581.52632 |
| Call number suffix | SHE |
| Withdrawn status | Lost status | Not for loan | Collection code | Home library | Current library | Date acquired | Source of acquisition | Cost, normal purchase price | Full call number | Barcode | Copy number | Cost, replacement price | Koha item type |
|---|---|---|---|---|---|---|---|---|---|---|---|---|---|
| Not For Loan | Non-fiction | D.B.Act.Division | D.B.Act.Division | 10/08/2010 | DBAD/PUB | 100.00 | 581.52632 SHE | EN-82932 | 1 | 100.00 | English Books |
